00366nam a2200145Ia 4500008004100000041000800041082001400049100001900063245004800082250000900130260003800139300000900177500001700186650001700203220803s9999 xx 000 0 und d aeng a711.4 MUK aMukhadekar A G aLekhi Karar Va Dastaivag : Kayade Va Namune a4th  aNashikbShivash Publicationc2006 a612p aArchitecture aUrban Design